000
00224 a2200097 4500
001
42437
100
_a
Wallington C.E
245
_a
Meteorology for glider pilots
260
_a
London
_b
John Murray
_c
090
_c
26357
_d
26357
942
_a
NUST-CAE
_c
M
_c
18177
999
_c
277510
_d
277510